000 00481nam a22001457a 4500
020 _a9789699704079
082 _a210
_bCHH
100 _aMuhammad Ashraf Chheenah
245 _aGod, Creation and Guidance: creation and creatures of the lord, texts of the bible and the Quran, The only pollution -free book in the World
_cMuhammad Ashraf Chheenah
260 _aIslamabad
_bI.S.R.C
_c2020
300 _a325p
563 _aH.B
650 _aReligion
_95800
942 _2ddc
_cBK
999 _c595285
_d595285